00741nam a2200193 a 450000500170000000800410001702000180005805000240007610000190010024501650011926000510028430000270033550000500036252100080041265000130042065000410043365000490047470000240052320140310183407.0121018s19uu xx 00 eng d a9780807748770 aQ 180.A1b.C74 2008 aTaraban, Roman aCreating effective undergraduate research programs in science :bthe transformation from student to scientist /cedited by Roman Taraban and Richard L. Blanton. aNew York, NY :bTeachers College Press,c2008. aviii, 256 p. :c23 cm. aIncludes bibliographical references and index aEDU aResearch aSciencexStudy and teaching (Higher) aUndergraduate Research Opportunities Program aBlanton, Richard L.